| 000 | 00428 a2200121 4500 | ||
|---|---|---|---|
| 001 | ART_44812 | ||
| 005 | 20260410162024.0 | ||
| 008 | 260409a | ||
| 245 | 1 | 0 | _aEl envejecimiento de la población, las transferencias intergeneracionales y el crecimiento económico |
| 100 | 1 | _aLee, Ronald | |
| 700 | 1 | _aDonehower, Gretchen | |
| 773 | 0 |
_tNotas de población _g- Año XXXVII, Nº 90 (ene./jun. 2010) _wREV41841 |
|
| 999 |
_c33371 _d33371 |
||